The Empirical Validation of House Energy Rating (HER) Software for Lightweight Housing in Cool Temperate Climates

This book reports on the first empirical validation of “AccuRate,” Australia’s national benchmark software tool for house energy ratings. The validation was conducted by the University of Tasmania in collaboration with Forest and Wood Products Australia, the Australian Government, the CSIRO and indu...

Full description

Bibliographic Details
Main Author: Dewsbury, Mark Andrew (Author)
Corporate Author: SpringerLink (Online service)
Format: Electronic eBook
Language:English
Published: Cham : Springer International Publishing : Imprint: Springer, 2015.
Series:Springer Theses, Recognizing Outstanding Ph.D. Research,
Subjects:
Online Access:Full Text via HEAL-Link
LEADER 03274nam a22005175i 4500
001 978-3-319-14337-8
003 DE-He213
005 20151030031347.0
007 cr nn 008mamaa
008 150202s2015 gw | s |||| 0|eng d
020 |a 9783319143378  |9 978-3-319-14337-8 
024 7 |a 10.1007/978-3-319-14337-8  |2 doi 
040 |d GrThAP 
050 4 |a T58.8 
072 7 |a TH  |2 bicssc 
072 7 |a TEC031000  |2 bisacsh 
072 7 |a TEC009020  |2 bisacsh 
082 0 4 |a 658.26  |2 23 
100 1 |a Dewsbury, Mark Andrew.  |e author. 
245 1 4 |a The Empirical Validation of House Energy Rating (HER) Software for Lightweight Housing in Cool Temperate Climates  |h [electronic resource] /  |c by Mark Andrew Dewsbury. 
264 1 |a Cham :  |b Springer International Publishing :  |b Imprint: Springer,  |c 2015. 
300 |a XIX, 344 p. 296 illus., 60 illus. in color.  |b online resource. 
336 |a text  |b txt  |2 rdacontent 
337 |a computer  |b c  |2 rdamedia 
338 |a online resource  |b cr  |2 rdacarrier 
347 |a text file  |b PDF  |2 rda 
490 1 |a Springer Theses, Recognizing Outstanding Ph.D. Research,  |x 2190-5053 
505 0 |a Introduction -- Background to Australian House Energy Rating -- Background to HER Program Validation.-Methodology -- Results, Analysis and Discussion of Empirical Validation -- Conclusion. 
520 |a This book reports on the first empirical validation of “AccuRate,” Australia’s national benchmark software tool for house energy ratings. The validation was conducted by the University of Tasmania in collaboration with Forest and Wood Products Australia, the Australian Government, the CSIRO and industry partners. The study presented here describes the results of graphical and statistical analysis of variations observed between the measured and simulated data from three different test buildings in Launceston, Tasmania. It shows that, while the AccuRate software is well suited to modeling energy flows, there are discrepancies between the simulated and measured temperatures of the test buildings. Moreover, it highlights possible connections between the discrepancies in all zones and the outside air temperature, wind speed, global and diffuse solar radiation, and possibly the ground model. Beyond its contribution to further investigations into the ongoing improvement and calibration of the Australian NatHERS-supported AccuRate software, this book also meticulously describes the methodology used in conducting the research, which is expected to pave the way for further studies of this type. 
650 0 |a Energy. 
650 0 |a Energy efficiency. 
650 0 |a Environmental sciences. 
650 0 |a Building construction. 
650 0 |a Sustainable development. 
650 1 4 |a Energy. 
650 2 4 |a Energy Efficiency (incl. Buildings). 
650 2 4 |a Building Physics, HVAC. 
650 2 4 |a Sustainable Development. 
650 2 4 |a Environmental Science and Engineering. 
710 2 |a SpringerLink (Online service) 
773 0 |t Springer eBooks 
776 0 8 |i Printed edition:  |z 9783319143361 
830 0 |a Springer Theses, Recognizing Outstanding Ph.D. Research,  |x 2190-5053 
856 4 0 |u http://dx.doi.org/10.1007/978-3-319-14337-8  |z Full Text via HEAL-Link 
912 |a ZDB-2-ENE 
950 |a Energy (Springer-40367)